| 000 | 00464nam a22001817a 4500 | ||
|---|---|---|---|
| 999 |
_c526227 _d526227 |
||
| 003 | NUST | ||
| 020 | _a- | ||
| 038 | _aZafar Malik | ||
| 082 |
_a891.423 _bCHA |
||
| 100 |
_aChahal, Arshad _917199 |
||
| 245 |
_aChirian Di Chaa \ _cArshad Chahal |
||
| 260 |
_aIslamabad : _bMoern Book Depot. ; _c1990. |
||
| 300 | _a414 p. ; | ||
| 500 | _aHardcover | ||
| 880 |
_6100-02\r _aارشد چہال |
||
| 880 |
_6245-02\r _aچیڑھاں دی چھاں |
||
| 942 |
_2ddc _cBK |
||